| 000 | 00601nam a22001817a 4500 | ||
|---|---|---|---|
| 003 | BD-DhUL | ||
| 005 | 20180107104745.0 | ||
| 008 | 180107s1980 ii ||||| |||| 00| 0 ben d | ||
| 040 |
_aBD-DhUL _cBD-DhUL |
||
| 082 |
_a891.443 _bSAM |
||
| 100 | 1 | _aবসু, সমরেশ | |
| 245 | 0 | 0 |
_aমুখোমুখি ঘর / _cসমরেশ বসু |
| 260 |
_aকলিকাতা : _bগ্রন্থপ্রকাশ, _c১৯৮০ |
||
| 300 |
_a৯৬ পৃ. ; _c২০ সেমি. |
||
| 650 | 4 | _aবাংলা উপন্যাস | |
| 650 | 4 | _aBengali fiction | |
| 942 |
_2ddc _cBK |
||
| 999 |
_c236302 _d236302 |
||